000 00621cam a22002293a 4500
001 29586
003 PGUSA
005 20140828083635.0
008 090803s2009||||xxu|||||s|||||000 | eng d
040 _aPGUSA
_beng
042 _adc
050 4 _aTS
100 1 _aWilkinson, Frederick
245 1 4 _aThe Story of the Cotton Plant
_h[electronic resource] /
_cFrederick Wilkinson
260 _bProject Gutenberg,
_c2009
506 _aPublic domain in the USA.
516 _aElectronic text
653 _aCotton
830 0 _aProject Gutenberg
_v29586
856 4 0 _uhttp://www.gutenberg.org/ebooks/29586
942 _cEB
999 _c258841
_d258841